书目信息 |
| 题名: |
《唯物主义与经验批判主义》傅子东译本考
|
|
| 作者: | 吴宏政 著 | |
| 分册: | ||
| 出版信息: | 沈阳 辽宁人民出版社 2021 |
|
| 页数: | 25,639页 | |
| 开本: | 23cm | |
| 丛书名: | ||
| 单 册: | ||
| 中图分类: | A821.23 | |
| 科图分类: | ||
| 主题词: | ||
| 电子资源: | ||
| ISBN: | 978-7-205-10167-1 | |
| 000 | 01288nam0 2200253 450 | |
| 001 | 011250950 | |
| 005 | 20210629133740.0 | |
| 010 | @a978-7-205-10167-1@b精装@dCNY198.00 | |
| 100 | @a20210629d2021 em y0chiy0120 ea | |
| 101 | 0 | @achi |
| 102 | @aCN@b210000 | |
| 105 | @ay z 000yy | |
| 106 | @ar | |
| 200 | 1 | @a《唯物主义与经验批判主义》傅子东译本考@9《 wei wu zhu yi yu jing yan pi pan zhu yi 》 fu zi dong yi ben kao@b专著@f吴宏政著 |
| 210 | @a沈阳@c辽宁人民出版社@d2021 | |
| 215 | @a25,639页@d23cm | |
| 300 | @a马克思主义经典文献传播通考/杨金海,李惠斌,艾四林主编 | |
| 300 | @a国家出版基金项目 | |
| 330 | @a本书是“马克思主义经典文献传播通考”丛书的其中一部。《唯物论与经验论批判》是列宁为批判马赫主义,反击修正主义而作。他批判了马赫主义的唯心主义认识论、不可知论、主观真理论、实用主义的实践观,进一步阐明和发挥了马克思主义的基本理论和观点。本书是对傅子东翻译的《唯物论与经验论批判》的背景和地位进行介绍,考证其历史价值与学术贡献,并做考释与译文解析。书稿对列宁这一著作的介绍、对译本的解析和考证,从一个侧面反映了马克思主义在中国传播的史实,和马克思主义中国化的历史进程,具有深刻的思想性、学术性。 | |
| 690 | @aA821.23@v5 | |
| 701 | 0 | @a吴宏政@9wu hong zheng@4著 |
| 801 | 2 | @aCN@b58marc.cn@c20210718 |
| 801 | 0 | @aCN@bBJXHZP@c20230228 |
| 905 | @b1407755-7@dA821.23@e45@f3 | |
| 《唯物主义与经验批判主义》傅子东译本考/吴宏政著.-沈阳:辽宁人民出版社,2021 |
| 25,639页;23cm |
| 马克思主义经典文献传播通考/杨金海,李惠斌,艾四林主编.-国家出版基金项目 |
| ISBN 978-7-205-10167-1(精装):CNY198.00 |
| 本书是“马克思主义经典文献传播通考”丛书的其中一部。《唯物论与经验论批判》是列宁为批判马赫主义,反击修正主义而作。他批判了马赫主义的唯心主义认识论、不可知论、主观真理论、实用主义的实践观,进一步阐明和发挥了马克思主义的基本理论和观点。本书是对傅子东翻译的《唯物论与经验论批判》的背景和地位进行介绍,考证其历史价值与学术贡献,并做考释与译文解析。书稿对列宁这一著作的介绍、对译本的解析和考证,从一个侧面反映了马克思主义在中国传播的史实,和马克思主义中国化的历史进程,具有深刻的思想性、学术性。 |
| ● |
| 相关链接 |
|
|
|
|
正题名:《唯物主义与经验批判主义》傅子东译本考
索取号:A821.23/45
 
预约/预借
| 序号 | 登录号 | 条形码 | 馆藏地/架位号 | 状态 | 备注 |
| 1 | 1407755 | 214077559 | 第一样本阅览室/ [索取号:A821.23/45] | 在馆 | |
| 2 | 1407756 | 214077568 | 第一借阅区/ [索取号:A821.23/45] | 在馆 | |
| 3 | 1407757 | 214077577 | 第一借阅区/ [索取号:A821.23/45] | 在馆 |